LEADER 01083nam a2200265 u 4500 001 000000007738 003 CaOOAMICUS 005 20070226105022.0 008 940514s1953 it u000 u ita u 035 $a10202110 040 $aPUL(R)$bita 100 1 $aFerretti, Bruno.$0(OLS)http://pul/name/7746 245 10$aFisica atomica /$cBruno Ferretti. 260 $aRoma :$bStudium,$c1953. 300 $a142 p. ;$c17 cm 490 1 $aUniversale studium ;$v27 650 4$aFisica atomica.$0(OLS)http://pul/subject/6753 830 0$aUniversale studium ;$v27.$0(OLS)http://pul/title/5921 850 $aPUL 852 $aPUL$W1$xDP1 Fondo Ciprotti$y59$m1536 E 27$j10964$nBK-PRI$b $qFondi$B10964$CPULBib$Z2$F10964 $H $81 852 $aPUL$W1$xDP1 Fondo Pastorale$y55$mP18 F 51$j10965$nBK-PRI$b $qFondi$B10965$CPULBib$Z2$F10965 $HPUL58512 $81 941 1 $a1 961 $aINV: 1049. Fondo Ciprotti 996 $6245$aFisica atomica$9(OLS)http://pul/title/11281 996 $6260$aRoma :$bStudium$9(OLS)http://pul/publisher/47892 LEADER 01482nam a2200325 a 4500 001 000000128697 003 CaOOAMICUS 005 20241003162905.0 008 120504s2011 fr h u000 u fre r 020 $a978-2-204-09548-8 040 $aPUL$bita 082 04$a103 100 1 $aMosès, Stéphane,$d1931-2007.$0(OLS)http://pul/name/82296 245 10$aFigures philosophiques de la modernité juive :$bsix conférences Chaire Etienne-Gilson /$cStéphane Mosès ; préface de Philippe Capelle-Dumont. 260 $aParis :$bCerf,$c2011. 300 $a151 p. :$bfacsim. ;$c22 cm 490 1 $aPhilosophie & théologie 504 $aInclude riferimenti bibliografici ed indice. 650 4$aEbraismo$xFilosofia.$0(OLS)http://pul/subject/38651 700 1 $aCapelle-Dumont, Philippe,$d1954-$0(OLS)http://pul/name/65089 830 0$aPhilosophie & théologie (Cerf).$0(OLS)http://pul/title/104748 850 $aPUL 852 $aPUL$W1$xSL Filosofia 3$y81$m103 COLL 3.5$j149066$qDDC 21$B147575$CPULBib$Z2$F147575 $H119643 $82 941 1 $a9 983 0$aPhilosophie et théologie (Cerf) 996 $6020$a978-2-204-09548-8$9(OLS)http://pul/number/149591 996 $6082$a103$9(OLS)http://pul/classification/621 996 $6245$aFigures philosophiques de la modernité juive :$bsix conférences Chaire Etienne-Gilson$9(OLS)http://pul/title/162630 996 $6260$aParis :$bCerf$9(OLS)http://pul/publisher/48238